Henry Clay : (Record no. 127086)
[ view plain ]
| 000 -LEADER | |
|---|---|
| campo de control de longitud fija | 02128nam a22002417a 4500 |
| 003 - IDENTIFICADOR DE NÚMERO DE CONTROL | |
| campo de control | BJBSDDR |
| 005 - FECHA Y HORA DE LA ÚLTIMA TRANSACCIÓN | |
| campo de control | 20260514094120.0 |
| 007 - CAMPO FIJO DE DESCRIPCIÓN FÍSICA--INFORMACIÓN GENERAL | |
| campo de control de longitud fija | ta |
| 008 - DATOS DE LONGITUD FIJA--INFORMACIÓN GENERAL | |
| campo de control de longitud fija | 260514s1991 nyu||||| |||| 00| 0 eng d |
| 020 ## - NÚMERO INTERNACIONAL ESTÁNDAR DEL LIBRO | |
| Número Internacional Estándar del Libro | 9780393310887 |
| 020 ## - NÚMERO INTERNACIONAL ESTÁNDAR DEL LIBRO | |
| Número Internacional Estándar del Libro | 0393310884 |
| 040 ## - FUENTE DE CATALOGACIÓN | |
| Lengua de catalogación | spa |
| Centro/agencia transcriptor | BJBSDDR |
| 041 ## - CÓDIGO DE IDIOMA | |
| Código de lengua del texto/banda sonora o título independiente | eng |
| 050 ## - SIGNATURA TOPOGRÁFICA DE LA BIBLIOTECA DEL CONGRESO | |
| Número de ítem | R388 1991 |
| 100 1# - ENTRADA PRINCIPAL--NOMBRE DE PERSONA | |
| Nombre de persona | Remini, Robert V |
| Fechas asociadas al nombre | 1921-2013 |
| 9 (RLIN) | 48430 |
| 245 10 - MENCIÓN DEL TÍTULO | |
| Título | Henry Clay : |
| Resto del título | statesman for the Union / |
| Mención de responsabilidad, etc. | Robert V. Remini |
| 260 ## - PUBLICACIÓN, DISTRIBUCIÓN, ETC. | |
| Lugar de publicación, distribución, etc. | New York : |
| Nombre del editor, distribuidor, etc. | W.W. Norton, |
| Fecha de publicación, distribución, etc. | 1991 |
| 300 ## - DESCRIPCIÓN FÍSICA | |
| Extensión | xxviii, 818 pages : |
| Otras características físicas | illustrations ; |
| Dimensiones | 25 cm |
| 505 ## - NOTA DE CONTENIDO CON FORMATO | |
| Nota de contenido con formato | The mill boy of the slashes<br/>Kentucky: the dark and bloody ground<br/>The Burr conspiracy<br/>The duel<br/>Emergence of a Republican ideologue<br/>Mr. Speaker<br/>The diplomat<br/>"I am sick of Europe"<br/>The ambitious politicians<br/>The party disrupter<br/>The great compromiser<br/>Retirement from politics<br/>The American system<br/>The presidential election of 1824<br/>The "corrupt bargain"<br/>Secretary of State<br/>The discouraging world of diplomacy<br/>Abominations<br/>A vision of the future<br/>Enforced retirement<br/>Presidential nominee<br/>"Scenes of tergiversation, hypocricy, degeneracy and corruption"<br/>A crushing defeat<br/>Return to triumph<br/>The great triumvirate<br/>The emergence of the Whig party<br/>Tragedy and defeat<br/>The panic of 1837<br/>The war of the titans<br/>The triumphal tour<br/>"Deceived betrayed & beaten"<br/>"And Tyler, too"<br/>The dictator<br/>"Like the soul's quitting the body"<br/>Texas<br/>"The old coon is dead"<br/>"This most unnecessary and horrible war with Mexico"<br/>The sage of Ashland<br/>Return to the Senate<br/>The compromise of 1850<br/>"My political life is over" |
| 520 ## - RESUMEN, ETC. | |
| Sumario, etc. | Among nineteenth-century Americans, few commanded the reverence and respect accorded to Henry Clay of Kentucky. As orator and as Speaker of the House for longer than any man in the century, he wielded great power, a compelling presence in Congress who helped preserve the Union in the antebellum period. Remini portrays both the statesman and the private man, a man whose family life was painfully torn and who burned with ambition for the office he could not reach, the presidency. |
| 942 ## - ELEMENTOS DE ENTRADA SECUNDARIOS (KOHA) | |
| Fuente del sistema de clasificación o colocación | Clasificación de Library of Congress |
| Suprimir en OPAC | No |
| Tipo de ítem Koha | Libro |
| 946 ## - PROCESAMIENTO DE INFORMACIÓN LOCAL (OCLC) | |
| Iniciales del agente catalogador | cmc |
| Estatus retirado | Estado de pérdida | Fuente del sistema de clasificación o colocación | Estado de daño | No para préstamo | Colección | Biblioteca de origen | Biblioteca actual | Ubicación en estantería | Fecha de adquisición | Signatura topográfica completa | Código de barras | Visto por última vez | Copia número | Tipo de ítem Koha |
|---|---|---|---|---|---|---|---|---|---|---|---|---|---|---|
| Clasificación de Library of Congress | Automatización y Procesos Técnicos | Biblioteca Juan Bosch | Biblioteca Juan Bosch | Automatización y Procesos Técnicos (1er. Piso) | 14/05/2026 | R388 1991 | 00000199794 | 14/05/2026 | 1 | Libro |
